Catálogo razonado de los objetos presentados por la Dirección General del Instituto Geográfico y Estadístico, en la exposición universal de Barcelona de 1888. (Record no. 43738)

MARC details
000 -LEADER
campo de control de longitud fija 00587nam a2200157 i 4500
001 - NÚMERO DE CONTROL
campo de control 43738
003 - IDENTIFICADOR DE NÚMERO DE CONTROL
campo de control ES-MaACL
005 - FECHA Y HORA DE LA ÚLTIMA TRANSACCIÓN
campo de control 20230906160851.0
007 - CAMPO FIJO DE DESCRIPCIÓN FÍSICA--INFORMACIÓN GENERAL
campo de control de longitud fija t|
008 - DATOS DE LONGITUD FIJA--INFORMACIÓN GENERAL
campo de control de longitud fija 030318s1888 sp ||||1| spa d
245 00 - MENCIÓN DEL TÍTULO
Título Catálogo razonado de los objetos presentados por la Dirección General del Instituto Geográfico y Estadístico, en la exposición universal de Barcelona de 1888.
260 ## - PUBLICACIÓN, DISTRIBUCIÓN, ETC.
Lugar de publicación, distribución, etc. Madrid :
Nombre del editor, distribuidor, etc. [s.n.],
Fecha de publicación, distribución, etc. 1888.
710 2# - ENTRADA AGREGADA--NOMBRE DE ENTIDAD CORPORATIVA
Nombre de entidad corporativa o nombre de jurisdicción como elemento de entrada Instituto Geográfico y Estadístico (España)
9 (RLIN) 3892
711 2# - ENTRADA AGREGADA--NOMBRE DE REUNIÓN
Nombre de congreso/reunión o jurisdicción como elemento de entrada Exposición Universal (
Fecha del congreso o de la firma del tratado 1888.
Sede del congreso/Lugar de la reunión Barcelona)
9 (RLIN) 153421
852 ## - LOCALIZACIÓN
Ubicación ES-MaACL
Número de control de estantería T-761-F-6
Holdings
Estatus retirado Estado de pérdida Estado de daño No para préstamo Colección Biblioteca de origen Biblioteca actual Ubicación en estantería Fecha de adquisición Fuente de adquisición Total de préstamos Signatura topográfica completa Código de barras Visto por última vez Precio de reemplazo Tipo de ítem Koha
        Colección de folletos Biblioteca del Ateneo de Madrid Biblioteca del Ateneo de Madrid Depósito folletos 17/01/2008     T-761-F-6 1046042 23/02/2023 23/02/2023 Folleto